<?xml version="1.0" encoding="UTF-8"?>
<record
    xmlns:xsi="http://www.w3.org/2001/XMLSchema-instance"
    xsi:schemaLocation="http://www.loc.gov/MARC21/slim http://www.loc.gov/standards/marcxml/schema/MARC21slim.xsd"
    xmlns="http://www.loc.gov/MARC21/slim">

  <leader>03136nam a2200397 i 4500</leader>
  <controlfield tag="001">ebr10802613</controlfield>
  <controlfield tag="003">CaPaEBR</controlfield>
  <controlfield tag="006">m     o  d        </controlfield>
  <controlfield tag="007">cr cn|||||||||</controlfield>
  <controlfield tag="008">130416t20142014enka    ob    001 0 eng|d</controlfield>
  <datafield tag="020" ind1=" " ind2=" ">
    <subfield code="z">9781409439349 (hardback : alk. paper)</subfield>
  </datafield>
  <datafield tag="020" ind1=" " ind2=" ">
    <subfield code="a">9781409439356 (e-book)</subfield>
  </datafield>
  <datafield tag="040" ind1=" " ind2=" ">
    <subfield code="a">CaPaEBR</subfield>
    <subfield code="b">eng</subfield>
    <subfield code="e">rda</subfield>
    <subfield code="e">pn</subfield>
    <subfield code="c">CaPaEBR</subfield>
  </datafield>
  <datafield tag="050" ind1="1" ind2="4">
    <subfield code="a">CC77.H5</subfield>
    <subfield code="b">W45 2014eb</subfield>
  </datafield>
  <datafield tag="082" ind1="0" ind2="4">
    <subfield code="a">930.1</subfield>
    <subfield code="2">23</subfield>
  </datafield>
  <datafield tag="245" ind1="0" ind2="0">
    <subfield code="a">Who needs experts? :</subfield>
    <subfield code="b">counter-mapping cultural heritage /</subfield>
    <subfield code="c">edited by John Schofield.</subfield>
  </datafield>
  <datafield tag="264" ind1=" " ind2="1">
    <subfield code="a">Farnham, Surry, UK ;</subfield>
    <subfield code="a">Burlington, VT :</subfield>
    <subfield code="b">Ashgate,</subfield>
    <subfield code="c">[2014]</subfield>
  </datafield>
  <datafield tag="264" ind1=" " ind2="4">
    <subfield code="c">&#xFFFD;2014</subfield>
  </datafield>
  <datafield tag="300" ind1=" " ind2=" ">
    <subfield code="a">1 online resource (277 pages) :</subfield>
    <subfield code="b">illustrations.</subfield>
  </datafield>
  <datafield tag="336" ind1=" " ind2=" ">
    <subfield code="a">text</subfield>
    <subfield code="2">rdacontent</subfield>
  </datafield>
  <datafield tag="337" ind1=" " ind2=" ">
    <subfield code="a">computer</subfield>
    <subfield code="2">rdamedia</subfield>
  </datafield>
  <datafield tag="338" ind1=" " ind2=" ">
    <subfield code="a">online resource</subfield>
    <subfield code="2">rdacarrier</subfield>
  </datafield>
  <datafield tag="440" ind1=" " ind2="0">
    <subfield code="a">Heritage, culture, and identity</subfield>
  </datafield>
  <datafield tag="504" ind1=" " ind2=" ">
    <subfield code="a">Includes bibliographical references and index.</subfield>
  </datafield>
  <datafield tag="505" ind1="0" ind2=" ">
    <subfield code="a">Heritage expertise and the everyday : citizens and authority in the twenty-first century / John Schofield -- Revisiting the Dewey-Lippman debate, Faro and expertise in the humanities / Stephanie Koerner -- Ethnography of a "humble expert" : experiencing Faro / Sarah Wolferstan -- The old bag's way : space and power in contemporary heritage / Paul Graves-Brown -- Counter-mapping and migrancy on the Georges River / Denis Byrne -- Faro and the LGBT heritage community / Rebecca Dierschow -- More than a sensitive ear : what to expect of a heritage expert / Mats Burstrom -- Who would believe experts? : interrogating the discourses of archaeological and interest groups in two recent heritage disputes in Ireland / Tadhg O'Keeffe -- Cinema under the stars, heritage from below / Brett Lashua and Simon Baker -- Finding people in the heritage of Bankside, Southwark / Don Henson -- Punks and drunks : mapping homelessness in Bristol and York / Rachael Kiddey -- Local world heritage : relocating expertise in world heritage management / Dominic Walker -- Contesting the "expert" at the former Bradford Odeon, West Yorkshire / Stella Jackson -- A most peculiar memorial : cultural heritage and fiction / Melissa Beattie -- Reykjavik's abandoned building sites : heritage of an economic collapse / Gisli Palsson and Pall Haukur Bjornsson -- What was wrong with Dufton? : reflections on counter-mapping : self, alterity and community / Graham Fairclough.</subfield>
  </datafield>
  <datafield tag="588" ind1=" " ind2=" ">
    <subfield code="a">Description based on print version record.</subfield>
  </datafield>
  <datafield tag="590" ind1=" " ind2=" ">
    <subfield code="a">Electronic reproduction. Palo Alto, Calif. : ebrary, 2013. Available via World Wide Web. Access may be limited to ebrary affiliated libraries.</subfield>
  </datafield>
  <datafield tag="650" ind1=" " ind2="0">
    <subfield code="a">Archaeology and history.</subfield>
  </datafield>
  <datafield tag="650" ind1=" " ind2="0">
    <subfield code="a">Cultural property.</subfield>
  </datafield>
  <datafield tag="650" ind1=" " ind2="0">
    <subfield code="a">Local history.</subfield>
  </datafield>
  <datafield tag="655" ind1=" " ind2="0">
    <subfield code="a">Electronic books.</subfield>
  </datafield>
  <datafield tag="700" ind1="1" ind2=" ">
    <subfield code="a">Schofield, John,</subfield>
    <subfield code="d">1948-</subfield>
  </datafield>
  <datafield tag="776" ind1="0" ind2="8">
    <subfield code="i">Print version:</subfield>
    <subfield code="t">Who needs experts? : counter-mapping cultural heritage.</subfield>
    <subfield code="d">Farnham, Surry, UK : Ashgate, [2014]</subfield>
    <subfield code="h">xvi, 260 pages</subfield>
    <subfield code="k">Heritage, culture and identity</subfield>
    <subfield code="z">9781409439349</subfield>
    <subfield code="w">(DLC)  2013011972</subfield>
  </datafield>
  <datafield tag="797" ind1="2" ind2=" ">
    <subfield code="a">ebrary.</subfield>
  </datafield>
  <datafield tag="856" ind1="4" ind2="0">
    <subfield code="u">http://site.ebrary.com/lib/rucke/Doc?id=10802613</subfield>
    <subfield code="z">An electronic book accessible through the World Wide Web; click to view</subfield>
  </datafield>
  <datafield tag="999" ind1=" " ind2=" ">
    <subfield code="c">144413</subfield>
    <subfield code="d">144413</subfield>
  </datafield>
</record>
